| 000 | 00804nam a2200229 a 4500 | ||
|---|---|---|---|
| 001 | 000023383 | ||
| 005 | 20250225115302.0 | ||
| 008 | 101206s1997 sp a r 001 0 spa d | ||
| 020 | _a8448110889 | ||
| 040 |
_aDO-SdBNP _bspa _cBNPHU |
||
| 082 |
_a001.42 _bM778d, 1997 |
||
| 100 | 1 |
_aLeón, Orfelio G. _948163 |
|
| 245 | 1 | 0 |
_aDiseño de investigación : _bintroducción a la lógica de la investigación en psicología y educación / _cOrfelio G. León, Ignacio Montero. |
| 250 | _a2a ed. | ||
| 260 |
_aMadrid : _bMcGraw-Hill, Interamericana de España, _c1997. |
||
| 300 |
_a392 p. : _bil. ; _c24 cm. |
||
| 650 | 0 |
_a Ciencia - _xMetodología _93 |
|
| 650 | 4 |
_aPsicología experimental _948164 |
|
| 650 | 4 |
_aEducación _xMétodo experimental _948165 |
|
| 700 | 1 |
_aMontero, Ignacio _948166 |
|
| 049 | _aBNGR | ||
| 999 |
_c22880 _d22880 |
||